|
|
|
|
| LEADER |
00000cam a2200000 a 4500 |
| 001 |
72297 |
| 003 |
CZ-ZlUTB |
| 005 |
20240829153132.0 |
| 007 |
ta |
| 008 |
140404s2014 xr af e f 001 0 cze |
| 020 |
|
|
|a 9788024748238
|q (brož.)
|
| 040 |
|
|
|a OLA001
|b cze
|d ZLD002
|
| 041 |
0 |
|
|a cze
|b cze
|b eng
|
| 072 |
|
7 |
|a 616
|x Patologie. Klinická medicína
|2 Konspekt
|9 14
|
| 080 |
|
|
|a 616.12
|2 MRF
|
| 080 |
|
|
|a 616-083
|2 MRF
|
| 080 |
|
|
|a 616-071-083
|2 MRF
|
| 080 |
|
|
|a (035)
|2 MRF
|
| 100 |
1 |
|
|a Sovová, Eliška,
|d 1960-
|7 mzk2004257426
|4 aut
|
| 245 |
1 |
0 |
|a Kardiologie pro obor ošetřovatelství /
|c Eliška Sovová, Jarmila Sedlářová a kolektiv
|
| 250 |
|
|
|a 2., rozš. a dopl. vyd.
|
| 260 |
|
|
|a Praha :
|b Grada,
|c 2014
|
| 300 |
|
|
|a 255 s., viii s. barev. obr. příl. :
|b il. ;
|c 21 cm
|
| 490 |
1 |
|
|a Sestra
|
| 504 |
|
|
|a Obsahuje bibliografii, bibliografické odkazy a rejstřík
|
| 546 |
|
|
|a České a anglické resumé
|
| 650 |
0 |
7 |
|a kardiologie
|7 ph121467
|2 czenas
|
| 650 |
0 |
7 |
|a ošetřovatelská péče
|7 ph162660
|2 czenas
|
| 650 |
0 |
7 |
|a ošetřovatelské diagnózy
|7 ph134956
|2 czenas
|
| 650 |
0 |
9 |
|a cardiology
|2 eczenas
|
| 650 |
0 |
9 |
|a nursing care
|2 eczenas
|
| 650 |
0 |
9 |
|a nursing diagnosis
|2 eczenas
|
| 655 |
|
7 |
|a příručky
|7 fd133209
|2 czenas
|
| 655 |
|
9 |
|a handbooks, manuals, etc
|2 eczenas
|
| 700 |
1 |
|
|a Sedlářová, Jarmila
|7 ola2014820696
|4 aut
|
| 830 |
|
0 |
|a Sestra (Grada)
|
| 910 |
|
|
|a ZLD002
|
| 928 |
9 |
|
|a Grada Publishing
|
| 952 |
|
|
|0 0
|1 0
|4 0
|6 616SOVOVÁE
|7 0
|8 BOOK
|9 128060
|a UTBZL
|b UTBZL
|c 005
|d 2014-05-23
|l 1
|o 616/SOVOVÁ,E.
|p 420010154257
|r 2019-08-26 00:00:00
|v 399.00
|w 2019-08-26
|x N:nákup; | 20100831
|y 01
|
| 952 |
|
|
|0 0
|1 0
|4 0
|6 616SOVOVÁE
|7 0
|8 BOOK
|9 128061
|a UTBZL
|b UTBZL
|c 006
|d 2014-05-23
|l 28
|m 14
|o 616/SOVOVÁ,E.
|p 420010154258
|r 2026-03-30 08:55:34
|s 2026-03-05
|v 399.00
|w 2019-08-26
|x N:nákup; | 20100831
|y 04
|
| 992 |
|
|
|a BK
|b SK
|d 19
|
| 999 |
|
|
|c 72297
|d 72297
|